000 00286nam a2200109Ia 4500
008 200302s9999 xx 000 0 und d
100 _aH. E. Beckett & Others
245 _aWindows Performance, Design and Installation
260 _bRiba Publications Ltd.
260 _c1974
300 _a369 P.,
999 _c55
_d55